[Event "HUN-ch34"]
[Site "Budapest"]
[Date "1978.12.??"]
[Round "?"]
[White "Dely, Peter"]
[Black "Eperjesi, Laszlo"]
[Result "1/2-1/2"]
[WhiteElo "2445"]
[BlackElo "2395"]
[PlyCount "44"]
[EventDate "1978.12.02"]
[EventType "tourn"]
[EventRounds "15"]
[EventCountry "HUN"]
[EventCategory "6"]
[SourceTitle "EXT 1998"]
[Source "ChessBase"]
[SourceDate "1997.11.17"]
[SourceVersion "1"]
[SourceVersionDate "1997.11.17"]
[SourceQuality "1"]

1. d4 Nf6 2. c4 e6 3. Nc3 Bb4 4. e3 c5 5. Bd3 Nc6 6. Nge2 cxd4 7. exd4 d5 8. 0-0 dxc4 9. Bxc4 0-0 10. Bg5 Be7 11. a3 b6 12. Qd3 Bb7 13. Rad1 Rc8 14. Qh3 Na5 15. Bd3 g6 16. Nf4 Nd5 17. Bxe7 Nxe7 18. Rfe1 Nd5 19. Ncxd5 Bxd5 20. Qh6 Qf6 21. Nh5 Qh8 22. Qg5 f5 1/2-1/2

[Event "HUN-ch34"]
[Site "Budapest"]
[Date "1978.12.??"]
[Round "?"]
[White "Farago, Ivan"]
[Black "Dely, Peter"]
[Result "1/2-1/2"]
[WhiteElo "2510"]
[BlackElo "2445"]
[PlyCount "41"]
[EventDate "1978.12.02"]
[EventType "tourn"]
[EventRounds "15"]
[EventCountry "HUN"]
[EventCategory "6"]
[SourceTitle "EXT 1998"]
[Source "ChessBase"]
[SourceDate "1997.11.17"]
[SourceVersion "1"]
[SourceVersionDate "1997.11.17"]
[SourceQuality "1"]

1. d4 Nf6 2. c4 e6 3. Nc3 Bb4 4. Nf3 c5 5. g3 Nc6 6. dxc5 Ne4 7. Qc2 Nxc3 8. bxc3 Bxc5 9. Bg2 b6 10. 0-0 Bb7 11. Rd1 Qc8 12. Bf4 f6 13. Qd3 Na5 14. Nd2 Bxg2 15. Kxg2 e5 16. Be3 Bxe3 17. Qxe3 Nxc4 18. Nxc4 Qxc4 19. Rd6 0-0 20. Qd3 Qxd3 21. Rxd3 1/2-1/2

[Event "HUN-ch34"]
[Site "Budapest"]
[Date "1978.12.??"]
[Round "?"]
[White "Orso, Miklos"]
[Black "Dely, Peter"]
[Result "1/2-1/2"]
[WhiteElo "2350"]
[BlackElo "2445"]
[PlyCount "29"]
[EventDate "1978.12.02"]
[EventType "tourn"]
[EventRounds "15"]
[EventCountry "HUN"]
[EventCategory "6"]
[SourceTitle "EXT 1998"]
[Source "ChessBase"]
[SourceDate "1997.11.17"]
[SourceVersion "1"]
[SourceVersionDate "1997.11.17"]
[SourceQuality "1"]

1. Nf3 Nf6 2. g3 g6 3. Bg2 Bg7 4. 0-0 c5 5. c4 0-0 6. d4 Nc6 7. d5 Na5 8. Qc2 d6 9. Nbd2 b5 10. e4 bxc4 11. Nxc4 Nxc4 12. Qxc4 Nd7 13. Qc2 Rb8 14. Rb1 Ba6 15. Rd1 1/2-1/2

[Event "HUN-ch34"]
[Site "Budapest"]
[Date "1978.12.??"]
[Round "?"]
[White "Petran, Pal"]
[Black "Dely, Peter"]
[Result "1-0"]
[WhiteElo "2400"]
[BlackElo "2445"]
[PlyCount "39"]
[EventDate "1978.12.02"]
[EventType "tourn"]
[EventRounds "15"]
[EventCountry "HUN"]
[EventCategory "6"]
[SourceTitle "EXT 1998"]
[Source "ChessBase"]
[SourceDate "1997.11.17"]
[SourceVersion "1"]
[SourceVersionDate "1997.11.17"]
[SourceQuality "1"]

1. d4 Nf6 2. c4 e6 3. Nf3 b6 4. g3 Bb7 5. Bg2 Qc8 6. Nc3 Bb4 7. Bd2 Nc6 8. 0-0 Ne7 9. Rc1 0-0 10. Bg5 Bxc3 11. Rxc3 d6 12. Qc1 Nf5 13. Bxf6 gxf6 14. d5 Qd8 15. e4 Ne7 16. Qh6 Ng6 17. Nd4 Re8 18. g4 Rc8 19. Rh3 c5 20. dxc6 1-0